History of Greece (Record no. 5192)

MARC details
000 -LEADER
fixed length control field 00471cam a2200193ua 4500
001 - CONTROL NUMBER
control field 6044
005 - DATE AND TIME OF LATEST TRANSACTION
control field 20260515113955.0
008 - FIXED-LENGTH DATA ELEMENTS--GENERAL INFORMATION
fixed length control field 131101n ii |||gr||||Z||||||eng
040 ## - CATALOGING SOURCE
Transcribing agency MAIN
082 ## - DEWEY DECIMAL CLASSIFICATION NUMBER
Classification number 949.5
100 ## - MAIN ENTRY--PERSONAL NAME
Personal name Chaudhuri,K.C,
Relator term Author.
245 ## - TITLE STATEMENT
Title History of Greece
Statement of responsibility, etc. by K.C. Chaudhuri
250 ## - EDITION STATEMENT
Edition statement 2nd Ed.
260 ## - PUBLICATION, DISTRIBUTION, ETC.
Place of publication, distribution, etc. Calcutta:
Name of publisher, distributor, etc. New Central Book Agency,
Date of publication, distribution, etc. 1984.
300 ## - PHYSICAL DESCRIPTION
Extent xi,272p.
653 ## - INDEX TERM--UNCONTROLLED
Uncontrolled term History
653 ## - INDEX TERM--UNCONTROLLED
Uncontrolled term History of Greece
942 ## - ADDED ENTRY ELEMENTS (KOHA)
Koha item type Books
Holdings
Withdrawn status Lost status Damaged status Not for loan Home library Current library Shelving location Date acquired Total checkouts Full call number Barcode Date last seen Copy number Price effective from Koha item type
        Naharkatiya College Library Naharkatiya College Library General stacks 09/19/2020   949.5 | CHA 3744 09/19/2020 1 09/19/2020 Books
        Naharkatiya College Library Naharkatiya College Library General stacks 09/19/2020   949.5 | CHA 3745 09/19/2020 2 09/19/2020 Books
        Naharkatiya College Library Naharkatiya College Library General stacks 09/19/2020   949.5 | CHA 3746 09/19/2020 3 09/19/2020 Books